| 000 | 00815nam a2200253 i 4500 | ||
|---|---|---|---|
| 003 | IT-RoINE | ||
| 005 | 20190218100002.0 | ||
| 008 | 030526s1988 gw |||||r |001|| ger d | ||
| 020 | _a3491776910 | ||
| 040 |
_aUPSA _cIT-RoINE _dIT-RoINE |
||
| 100 | 1 |
_aGarijo-Guembe, Miguel María, _92804 _d1935-1996 |
|
| 245 | 1 | 0 |
_aGemeinschaft der Heiligen : _bGrund, Wesen und Struktur der Kirche / _cMiguel María Garijo-Guembe. |
| 260 |
_aDüsseldorf : _bPatmos Verlag, _c1988. |
||
| 300 |
_a309 p. ; _c21 cm. |
||
| 336 |
_2rdacontent _atext |
||
| 337 |
_2rdamedia _aunmediated |
||
| 338 |
_2rdacarrier _avolume |
||
| 500 | _aIncluye índices. | ||
| 504 | _aIncluye bibliografía. | ||
| 650 | 4 |
_93258 _aEclesiología |
|
| 650 | 4 |
_94358 _aComunión de los santos |
|
| 650 | 4 |
_92086 _aCuerpo Místico de Cristo |
|
| 942 | _cMTS | ||
| 999 |
_c1529 _d1529 |
||